Football quizz en E - Statistiques

Statistiques générales
  • Ce quiz a été pris 126 fois
  • Le résultat moyen est 8 sur 12
Statistiques - réponses
Hint Réponse % Correct
Pays d’Amérique du Sud ayant remporté la Copa América et connu pour des joueurs comme Enner Valencia Équateur
94%
Pays organisateur de la coupe du monde 1982. Vainqueur de cette même compétition en 2010 Espagne
94%
Compétition européenne réunissant les meilleurs clubs des ligues nationales en dessous de la Ligue des Champions. Europa
92%
Ancien attaquant camerounais ayant joué pour le FC Barcelone, l’Inter Milan et Chelsea. Etoo
91%
Prénom d'un des meilleurs joueurs que la Belgique ait connu. Eden
85%
Prénom d'un gardien argentin, ayant permis au sien de soulever la coupe du monde 2022 grâce à un énorme arrêt en fin de match lors de la finale de cette même compétition. Emiliano
85%
Pays qui a remporté trois Coupes d’Afrique des Nations consécutives en 2006, 2008 et 2010. Egypte
83%
Club Anglais, qu'on surnomme "les toffees" Everton
77%
Expression désignant un jeune joueur prometteur. Espoir
47%
Stade mythique portuguais où joue le Benfica Lisbonne Estadio
41%
Ville espagnole ayant un club évoluant régulièrement en Liga, située sur la côte est. Elche
27%
Grand club portugais dont le surnom est « les Aigles », basé à Lisbonne. Estrela
4%
Aucun quiz correspondant
Distribution des résultats
% des personnes avec chaque résultat
Percentile par nombre de réponses
Votre historique - résultats
Vous n’avez pas pris ce quiz